English for you and me / (Record no. 21836)

000 -LEADER
fixed length control field 00478nam a22001457a 4500
003 - CONTROL NUMBER IDENTIFIER
control field OSt
005 - DATE AND TIME OF LATEST TRANSACTION
control field 20260123094934.0
008 - FIXED-LENGTH DATA ELEMENTS--GENERAL INFORMATION
fixed length control field 260123b xxua|||| |||| 00| 0 eng d
040 ## - CATALOGING SOURCE
Transcribing agency CSU
100 ## - MAIN ENTRY--PERSONAL NAME
Personal name Miranda, Benita N.
245 ## - TITLE STATEMENT
Title English for you and me /
Statement of responsibility, etc author by Benita N. Miranda.
260 ## - PUBLICATION, DISTRIBUTION, ETC. (IMPRINT)
Place of publication, distribution, etc Book Wise Publishing House, Inc.
Name of publisher, distributor, etc [name of publisher not identified],
Date of publication, distribution, etc [date of publication not identified].
300 ## - PHYSICAL DESCRIPTION
Extent 176 pages :
Other physical details color illustrations.
942 ## - ADDED ENTRY ELEMENTS (KOHA)
Source of classification or shelving scheme
Koha item type Books
Holdings
Price effective from Permanent Location Date last seen Not for loan Date acquired Source of classification or shelving scheme Koha item type Lost status Withdrawn status Copy number Source of acquisition Collection code Damaged status Shelving location Current Location Full call number
2026-01-22Cagayan State University - Carig Library2026-01-23 2026-01-23 Books  1DonationsChildren Section Children SectionCagayan State University - Carig LibraryCS 454 M672

Cagayan State University University Library, Carig Campus
Tuguegarao City, Cagayan 3500 | www.csucarig.edu.ph

Powered by Koha